| 000 | 00395nam a2200133Ia 4500 | ||
|---|---|---|---|
| 005 | 20260328104307.0 | ||
| 008 | 260328s9999||||xx |||||||||||||| ||und|| | ||
| 100 | _aQuintana, Boris | ||
| 245 | 0 |
_aDibujo tridimensional y Diseño : _b una Mirada Desde la academia / _cBoris Quintana |
|
| 260 | _bUniversidad Autónoma de Colombia | ||
| 300 | _a91 p. | ||
| 650 | _aDISEÑO INDUSTRIAL | ||
| 942 | _cBK | ||
| 999 |
_c10803 _d10803 |
||